| 000 | 00679cam a2200241 4500500 | ||
|---|---|---|---|
| 005 | 20260405003347.0 | ||
| 041 | _afre | ||
| 042 | _adc | ||
| 100 | 1 | 0 |
_aNathan, Tobie _eauthor |
| 245 | 0 | 0 | _aPasse sanitaire. Un soupçon de différence |
| 260 | _c2021. | ||
| 500 | _a75 | ||
| 690 | _aAltérité | ||
| 690 | _aBible | ||
| 690 | _aCovid-19 | ||
| 690 | _aPasse sanitaire | ||
| 690 | _aQR-Code | ||
| 690 | _aSoupçon | ||
| 690 | _aTobie Nathan | ||
| 690 | _avaccin | ||
| 786 | 0 | _nPhilosophie magazine | 153 | 10 | 2021-10-01 | p. 20-21 | 1951-1787 | |
| 856 | 4 | 1 | _uhttps://shs.cairn.info/magazine-philosophie-magazine-2021-10-page-20?lang=fr&redirect-ssocas=7080 |
| 999 |
_c2066840 _d2066840 |
||